| 000 | 00386pab a2200157 454500 | ||
|---|---|---|---|
| 008 | 180718b2006 xxu||||| |||| 00| 0 eng d | ||
| 100 | _aMazumdar, Arijit | ||
| 245 | _aCentrality of Tibet | ||
| 260 | _c2006 | ||
| 300 | _ap.4324-325. | ||
| 362 | _a14 Oct | ||
| 650 | _aIndia - Boundaries - China | ||
| 650 | _aBoundaries | ||
| 773 | _aEconomic and Political Weekly | ||
| 909 | _a72008 | ||
| 999 |
_c72008 _d72008 |
||